Weiter zum Inhalt

Справедливость и экономика Статья

Gespeichert in:
Bibliographische Detailangaben
1. Verfasser: Князев Ю.К
Format: Статья
Online Zugang:https://znanium.com/catalog/document?id=18081
https://znanium.com/cover/0457/457597.jpg
Tags: Tag hinzufügen
Keine Tags, Fügen Sie den ersten Tag hinzu!
LEADER 01110nam0a2200205 i 4500
001 RU\infra-m\znanium\bibl\457597
003 https://znanium.com/catalog/document?id=18081
005 20190327000000.0
100 |a 20190327d2014 m y0rusy0150 ca 
101 0 |a rus 
102 |a RU 
200 1 |a Справедливость и экономика  |e Статья  |f Институт экономики Российской академии наук 
210 1 |a Москва  |c Издательство "Наука"  |d 2012 
215 |a 30 с. 
333 |a Аспирантура 
608 |a Статья  |2 local 
700 1 |a Князев  |b Ю.К.  |g Юрий Константинович  |p Институт экономики Российской академии наук 
801 0 |a RU  |b Общество с ограниченной ответственностью «ЗНАНИУМ»  |c 20140210  |2 rusmarc 
856 4 |a znanium.com  |m ebs_support@infra-m.ru  |n НИЦ ИНФРА-М  |u https://znanium.com/catalog/document?id=18081 
856 4 1 |a znanium.com  |d /cover/0457  |f 457597.jpg  |q image/jpeg  |u https://znanium.com/cover/0457/457597.jpg